|
|
|
|
| LEADER |
00000nab a2200000 a 4500 |
| 001 |
vtls000839097 |
| 003 |
SK-MaSNL |
| 005 |
20260426063323.0 |
| 008 |
180206c2003 xo 0 slo |
| 015 |
|
|
|a SNBRB2003/07-19314
|
| 035 |
|
|
|a CLN000190752
|
| 040 |
|
|
|a SNKBUCL
|b slo
|c SNKBUCL
|e AACR2
|
| 041 |
0 |
|
|a slo
|
| 044 |
|
|
|a xo
|c SK
|
| 080 |
|
|
|a 628.474.3(437.6)
|2 UDC-MRF-SK2
|
| 080 |
|
|
|a 621.311.25(437.6):628.477
|2 UDC-MRF-SK2
|
| 080 |
|
|
|a 628.477(437.6)
|2 UDC-MRF-SK2
|
| 100 |
1 |
|
|a Lipianska, Ľudmila
|4 aut
|9 838384
|
| 245 |
1 |
0 |
|a Elektráreň poháňaná odpadom
|b spaľovňa vo Vlčom hrdle spĺňa limity, ktoré EÚ schváli o tri roky
|c Ľudmila Lipianska
|
| 610 |
|
7 |
|a Odvoz a likvidácia odpadu (Bratislava, Slovensko)
|2 snkbucl
|9 1283380
|
| 650 |
0 |
7 |
|a odpad komunálny
|x spaľovanie
|x energia elektrická
|x získavanie
|2 snkbucl
|9 1285497
|
| 650 |
0 |
7 |
|a spaľovne odpadu
|2 snkbucl
|9 150869
|
| 651 |
|
7 |
|a Bratislava (Slovensko)
|2 snkbucl
|9 14568
|
| 655 |
|
7 |
|a články z novín a časopisov
|2 snkbucl
|9 267496
|
| 773 |
0 |
|
|x 1335-4620
|t Profit
|g Č. 6-7 (2003), s. 56
|
| 850 |
|
|
|a Slovenská národná knižnica v Martine
|
| 852 |
|
|
|a SNK
|b KIS3GCP
|
| 958 |
|
|
|a RBX
|
| 999 |
|
|
|c 2554804
|d 2556734
|